| 000 | 00735nam a22002537a 4500 | ||
|---|---|---|---|
| 999 |
_c17915 _d17915 |
||
| 001 | 1734807 | ||
| 003 | OSt | ||
| 005 | 20200212122718.0 | ||
| 008 | 160704b xxu||||| |||| 00| 0 eng d | ||
| 010 | _a 74077359 | ||
| 020 | _a0805455469 | ||
| 040 |
_aMMU _cMMU _dMMU _beng |
||
| 050 | 0 | 0 | _aBV652.2 .C55 1974 |
| 082 | 0 | 0 | _a259 |
| 100 | 1 |
_aClemmons, William P., _d1932- |
|
| 245 | 1 | 0 |
_aGrowth through groups/ _cWilliam Clemmons and Harvey Hester. |
| 260 |
_aNashville: _bBroadman Press, _c1974. |
||
| 300 |
_a160 p. _c21 cm. |
||
| 504 | _aBibliography: p. 158-160. | ||
| 650 | 0 | _aChurch group work. | |
| 700 | 1 |
_aHester, Harvey, _ejoint author. |
|
| 906 |
_a7 _bcbc _corignew _d2 _eopcn _f19 _gy-gencatlg |
||
| 942 |
_2lcc _cLOAN LOAN |
||